• 首页
  • 本馆介绍
  • 公告通知
  • 最新文献
  • 馆藏检索
  • 电子资源
  • 读者导购
  • 参考咨询
  • 我的图书馆
  • 登录
  • 详细信息显示
  • 放入我的书架
  • 预约/预借图书
  • 作者相关作品
  • 分类相关作品
  • 丛书相关作品
  • 出版社相关作品

书目信息

  • 表格格式
  • 工作单格式
  • 卡片格式
题名:
智慧的花朵
    
 
作者: ;北京科普创作协会 编
分册:  
出版信息: 北京   北京出版社  1980
页数: 409页
开本: 19cm
丛书名:
单 册:
中图分类: G3-49 , N49
科图分类:
主题词: 自然科学--普及读物 , 科学 , 科学研究
电子资源:
ISBN:
000 00809nam0 2200277 45
001 0180005599
005 20060819173849.71
010    @dCNY0.82
091    @a10071.266
100    @a19950703d1980 em y0chiy0121 ea
101 0  @achi
102    @aCN@b110000
105    @af z 000yy
200 10 @a智慧的花朵@Azhi hui de hua duo@e中外科学普及作品选@f北京科普创作协会编
210    @a北京@c北京出版社@d1980
215    @a409页@c图@d19cm
517 1  @a中外科学普及作品选@Azhong wai ke xue pu ji zuo pin xuan
606    @a自然科学@x普及读物
606 0  @a科学
606 0  @a科学研究
690    @aG3-49
690    @aN49@v3 
711 02 @a北京科普创作协会@Abei jing ke pu chuang zuo xie hui@4编
801  2 @aCN@bNLC@c20060819
801  0 @aCN@b上海图书馆@c20040505
905    @f1@b24526@f1@b24530@dG3-49@e2
    
    智慧的花朵:中外科学普及作品选/北京科普创作协会编.-北京:北京出版社,1980
    409页:图;19cm
    
    
    ISBN :CNY0.82
    
●
相关链接 在E读中查询图书 在五车中查询图书 在当当中查询图书 在豆瓣中查询图书


正题名:智慧的花朵     索取号:G3-49/2         预约/预借

序号 登录号 条形码 馆藏地/架位号 状态 备注
1 0024526   000989014   密集书库/ [索取号:G3-49/2] 在馆    
2 0024530   000989023   第一样本阅览室/ [索取号:G3-49/2] 在馆    
3 0471195   204711954   密集书库/ [索取号:G3-49/2] 在馆    
唐山师范学院图书馆 欢迎您!
大连网信软件有限公司© 版权所有